000
00266nam a2200109Ia 4500
008
190216s9999||||xx |||||||||||||| ||und||
100
_a
Bhar B K
245
0
_a
Cost Accounting Methods And Problems
260
_b
Academic Publishers
_c
1977
300
_a
780p
942
_c
BK
999
_c
4011
_d
4011